| 000 | 00403nam a22001697a 4500 | ||
|---|---|---|---|
| 003 | NUST - PNEC | ||
| 005 | 20170116181118.0 | ||
| 008 | 151003b xxu||||| |||| 00| 0 eng d | ||
| 020 | _a- | ||
| 040 | _cLIBRARY | ||
| 082 | _a671.821 COX | ||
| 100 |
_912662 _aCox, L. L. |
||
| 245 |
_aAdvanced patternmaking _cL. L. Cox |
||
| 260 | _cc.1958 | ||
| 650 |
_912663 _aPatternmaking _xME |
||
| 942 |
_2ddc _cBK |
||
| 999 |
_c69460 _d69460 |
||